Former Colonies - Statistics

General Stats
  • This quiz has been taken 120 times
  • The average score is 33 of 64
Answer Stats
Hint Answer % Correct
French Togoland Togo
82%
French Cameroun Cameroon
81%
Cape of Good Hope South Africa
79%
Zanzibar Tanzania
78%
British Somaliland Somalia
77%
French Indochina Cambodia
76%
Gold Coast Ghana
76%
Portuguese Guinea Guinea-Bissau
76%
Netherlands New Guinea Indonesia
76%
Laos
76%
North Borneo Malaysia
76%
Vietnam
76%
Burundi
74%
British Guiana Guyana
74%
South West Africa Namibia
74%
Dutch Guiana Suriname
74%
Southern Rhodesia Zimbabwe
73%
Queensland Australia
72%
French Somaliland Djibouti
72%
Spanish Guinea Equatorial Guinea
72%
Ruanda-Urundi Rwanda
72%
Aden Yemen
72%
Northern Rhodesia Zambia
72%
British Honduras Belize
71%
Benin
71%
Burkina Faso
71%
Bechuanaland Botswana
63%
Mali
59%
British Cameroons Nigeria
59%
Basutoland Lesotho
58%
Aruba
55%
Nyasaland Malawi
55%
Republic of the Congo
54%
Guinea
51%
Central African Republic
50%
Netherlands Antilles Curaçao
49%
Trucial States United Arab Emirates
49%
Gabon
47%
French West Africa Mauritania
44%
Ivory Coast
42%
French Equatorial Africa Chad
41%
Bonaire
40%
Senegal
40%
Niger
37%
Gilbert and Ellice Islands Kiribati
36%
New Hebrides Vanuatu
32%
Sint Maarten
31%
Saba
29%
Anguilla
24%
Palau
24%
Tuvalu
24%
Antigua and Barbuda
23%
Saint Lucia
23%
Federated States of Micronesia
22%
Trust Territory of the Pacific Islands Marshall Islands
22%
British Windward Islands Grenada
21%
British Leeward Islands Saint Kitts and Nevis
21%
Saint Vincent and the Grenadines
21%
Dominica
19%
Sint Eustatius
19%
Montserrat
18%
Virgin Islands
14%
Northern Mariana Islands
12%
Tokelau
12%
No matching quizzes found
Score Distribution
Percent of People with Each Score
Percentile by Number Answered
Your Score History
You have not taken this quiz